Đông Chu Liệt Quốc
Spremljeno u:
| Glavni autor: | |
|---|---|
| Format: | Knjiga |
| Oznake: |
Dodaj oznaku
Bez oznaka, Budi prvi tko označuje ovaj zapis!
|
| Thư viện lưu trữ: | Mạng thư viện Đại học Đà Nẵng |
|---|
| LEADER | 00680nam a2200241 4500 | ||
|---|---|---|---|
| 001 | 000004988 | ||
| 003 | 1130 | ||
| 005 | 20150812140828.0 | ||
| 008 | 110805s sd | ||
| 082 | 1 | |a 895.1 |b PHU | |
| 100 | 0 | |a Phùng Mộng Long | |
| 245 | 0 | 0 | |a Đông Chu Liệt Quốc |c Phùng Mộng Long |
| 774 | |a Phùng Mộng Long |g T.1 |h 554 tr. |w 1131 | ||
| 774 | |a Phùng Mộng Long |g T.2 |h 515 tr. |w 1132 | ||
| 774 | |a Phùng Mộng Long |g T.3 |h 493 tr. |w 1133 | ||
| OWN | |a LSP | ||
| 999 | |a From the UDN01 | ||
| TYP | |a Monograph | ||
| TYP | |a Printed language | ||
| 980 | |a Mạng thư viện Đại học Đà Nẵng | ||